<?xml version="1.0" encoding="UTF-8"?>
<record
    xmlns:xsi="http://www.w3.org/2001/XMLSchema-instance"
    xsi:schemaLocation="http://www.loc.gov/MARC21/slim http://www.loc.gov/standards/marcxml/schema/MARC21slim.xsd"
    xmlns="http://www.loc.gov/MARC21/slim">

  <leader>01502nam a22002177a 4500</leader>
  <controlfield tag="003">OSt</controlfield>
  <controlfield tag="005">20230712094353.0</controlfield>
  <controlfield tag="008">230705s2015    spa||||| |||| 00| 1 spa d</controlfield>
  <datafield tag="020" ind1=" " ind2=" ">
    <subfield code="a">9789500437288</subfield>
  </datafield>
  <datafield tag="040" ind1=" " ind2=" ">
    <subfield code="b">spa</subfield>
    <subfield code="c">besoc</subfield>
  </datafield>
  <datafield tag="100" ind1="1" ind2=" ">
    <subfield code="a">Carr, John Dickson, </subfield>
    <subfield code="d">(1906-1977)</subfield>
    <subfield code="e">autor</subfield>
  </datafield>
  <datafield tag="245" ind1="1" ind2="0">
    <subfield code="a">Hasta que la muerte nos separe /</subfield>
    <subfield code="c">John Dickson Carr ; traducci&#xF3;n de Alberto Horovitz</subfield>
  </datafield>
  <datafield tag="250" ind1=" " ind2=" ">
    <subfield code="a">1a ed.</subfield>
  </datafield>
  <datafield tag="260" ind1=" " ind2=" ">
    <subfield code="a">Buenos Aires :</subfield>
    <subfield code="b">Emec&#xE9;, </subfield>
    <subfield code="c">2015</subfield>
  </datafield>
  <datafield tag="300" ind1=" " ind2=" ">
    <subfield code="a">239 p.</subfield>
  </datafield>
  <datafield tag="490" ind1=" " ind2=" ">
    <subfield code="a">El s&#xE9;ptimo c&#xED;rculo / colecci&#xF3;n creada por Jorge Luis Borges y Adolfo Bioy Casares</subfield>
  </datafield>
  <datafield tag="520" ind1=" " ind2=" ">
    <subfield code="a">La apacible tranquilidad de un pueblo ingl&#xE9;s es sacudida por un asesinato: un muerto aparece en un cuarto cerrado sin rastro alguno de ser suicida. Sin vacilaciones las sospechas recaen al comienzo sobre la figura de una forastera, la novia de un joven escritor del pueblo, que nunca hab&#xED;a sido bien vista por los ojos locales. Pero, a medida que avanza la investigaci&#xF3;n, una amenaza se ci&#xF1;e sobre la pareja: las maquinaciones del asesino son apenas una muestra de la feroz desconfianza que caracteriza a los convencionalismos pueblerinos. "&#xBF;C&#xF3;mo diablos explicar&#xED;a lo sucedido? &#xBF;C&#xF3;mo decirle, en pocas palabras, que la noche anterior hab&#xED;a sospechado que era una h&#xE1;bil envenenadora...? Pero no: ser&#xED;a mejor contarle todo y disipar la pesadilla con una carcajada" [Nota del editor].</subfield>
  </datafield>
  <datafield tag="650" ind1=" " ind2="4">
    <subfield code="a">Literatura norteamericana</subfield>
    <subfield code="v">Novelas</subfield>
    <subfield code="y">Siglo XX</subfield>
  </datafield>
  <datafield tag="700" ind1="1" ind2=" ">
    <subfield code="a">Horovitz, Alberto </subfield>
    <subfield code="e">traductor</subfield>
  </datafield>
  <datafield tag="942" ind1=" " ind2=" ">
    <subfield code="2">udc</subfield>
    <subfield code="c">OG</subfield>
    <subfield code="n">0</subfield>
  </datafield>
  <datafield tag="999" ind1=" " ind2=" ">
    <subfield code="c">36</subfield>
    <subfield code="d">36</subfield>
  </datafield>
  <datafield tag="952" ind1=" " ind2=" ">
    <subfield code="0">0</subfield>
    <subfield code="1">0</subfield>
    <subfield code="2">udc</subfield>
    <subfield code="4">0</subfield>
    <subfield code="7">0</subfield>
    <subfield code="8">CG</subfield>
    <subfield code="a">ESOCIALES</subfield>
    <subfield code="b">ESOCIALES</subfield>
    <subfield code="d">2023-07-12</subfield>
    <subfield code="l">0</subfield>
    <subfield code="o">82-312.4(73) C311</subfield>
    <subfield code="p">000667</subfield>
    <subfield code="r">2023-07-12 00:00:00</subfield>
    <subfield code="w">2023-07-12</subfield>
    <subfield code="y">OG</subfield>
  </datafield>
</record>
